[Event "Lugano New op 5th"]
[Site "Lugano"]
[Date "2011.04.23"]
[Round "3"]
[White "Luca, Dragos"]
[Black "Colombani, Camillo"]
[Result "1-0"]
[WhiteElo "1581"]
[BlackElo "1462"]
[PlyCount "23"]
[EventDate "2011.04.22"]
[EventType "swiss"]
[EventRounds "6"]
[EventCountry "SUI"]
[SourceTitle "CBM 142 Extra"]
[Source "ChessBase"]
[SourceDate "2011.06.27"]
[SourceVersion "1"]
[SourceVersionDate "2011.06.27"]
[SourceQuality "1"]

1. e4 e5 2. Nf3 d6 3. d4 exd4 4. Nxd4 Nf6 5. Bg5 h6 6. Bxf6 Qxf6 7. Nc3 Be7 8. Bc4 0-0 9. Nd5 Qg6 10. Nxe7+ Kh7 11. Nxg6 fxg6 12. Be6 1-0

[Event "Lugano op 4th"]
[Site "Lugano"]
[Date "2010.04.03"]
[Round "2"]
[White "Medici, Simone"]
[Black "Colombani, Camillo"]
[Result "1-0"]
[WhiteElo "1949"]
[BlackElo "1492"]
[PlyCount "25"]
[EventDate "2010.04.02"]
[EventType "swiss"]
[EventRounds "6"]
[EventCountry "SUI"]
[SourceTitle "EXT 2024"]
[Source "ChessBase"]
[SourceDate "2023.10.10"]
[SourceVersion "1"]
[SourceVersionDate "2023.10.10"]
[SourceQuality "1"]

1. d4 d5 2. c4 dxc4 3. Nf3 Nf6 4. Nc3 g6 5. e3 Bg7 6. Bxc4 0-0 7. 0-0 b6 8. Qb3 Bb7 9. Ng5 Bd5 10. Nxd5 Nbd7 11. Nxf6+ Nxf6 12. Nxf7 Qd7 13. Ne5+ 1-0

[Event "Lugano op 4th"]
[Site "Lugano"]
[Date "2010.04.02"]
[Round "1"]
[White "Colombani, Camillo"]
[Black "Colmenares, Aurelio"]
[Result "0-1"]
[WhiteElo "1492"]
[BlackElo "2247"]
[PlyCount "42"]
[EventDate "2010.04.02"]
[EventType "swiss"]
[EventRounds "6"]
[EventCountry "SUI"]
[SourceTitle "EXT 2024"]
[Source "ChessBase"]
[SourceDate "2023.10.10"]
[SourceVersion "1"]
[SourceVersionDate "2023.10.10"]
[SourceQuality "1"]

1. e4 c5 2. Nf3 Nc6 3. d4 cxd4 4. Nxd4 Nf6 5. Nc3 e5 6. Nxc6 bxc6 7. Bc4 Bb4 8. 0-0 0-0 9. Bg5 h6 10. Bxf6 Qxf6 11. a3 Be7 12. b4 Qg6 13. Qf3 Kh8 14. Ne2 f5 15. Ng3 fxe4 16. Qxe4 Qxe4 17. Nxe4 d5 18. Bxd5 cxd5 19. Nc3 Bb7 20. Rae1 Rac8 21. Rxe5 Bf6 0-1

[Event "Lugano New op 3rd"]
[Site "Lugano"]
[Date "2009.05.02"]
[Round "5"]
[White "Charriere, Loic"]
[Black "Colombani, Camillo"]
[Result "1/2-1/2"]
[WhiteElo "1668"]
[BlackElo "1631"]
[PlyCount "103"]
[EventDate "2009.04.30"]
[EventType "swiss"]
[EventRounds "6"]
[EventCountry "SUI"]
[SourceTitle "EXT 2011"]
[Source "ChessBase"]
[SourceDate "2010.11.26"]
[SourceVersion "1"]
[SourceVersionDate "2010.11.26"]
[SourceQuality "1"]

1. e4 e5 2. Nf3 Nc6 3. d4 exd4 4. Bc4 h6 5. Nxd4 Qf6 6. c3 Bc5 7. Be3 Nxd4 8. cxd4 Bb6 9. 0-0 c6 10. e5 Qg6 11. h4 h5 12. Nc3 Ne7 13. Bg5 d5 14. exd6 Nf5 15. Re1+ Be6 16. d5 cxd5 17. Bxd5 0-0 18. Be4 f6 19. Bd5 Bxd5 20. Qxd5+ Kh8 21. Bf4 Qg4 22. Bh2 Rae8 23. Re4 Rxe4 24. Qxe4 Qg6 25. Re1 Rd8 26. Nd5 Kh7 27. Ne7 Nxe7 28. Qxg6+ Nxg6 29. Bg3 Nf8 30. Re7 Bc5 31. Rxb7 Bxd6 32. Bxd6 Rxd6 33. Rxa7 Kg6 34. Kf1 Re6 35. a4 Re5 36. a5 Ne6 37. b4 Nd4 38. a6 Nc2 39. g3 Nxb4 40. Ra8 Re7 41. Kg2 Nc6 42. Kf3 Kf5 43. Kg2 g5 44. hxg5 fxg5 45. Kf3 g4+ 46. Kg2 Ke5 47. f4+ Ke4 48. Rh8 Nb4 49. Rxh5 Nxa6 50. Rg5 Kd3 51. Rxg4 Nc5 52. Rg8 1/2-1/2